000 00863nam a2200229 i 4500
001 95596
003 ES-MaACL
005 20250214063121.0
007 t|
008 050601s1982 sp ||||1| spa d
020 _a84-300-6545-8
100 1 _aLlompart Moragues, Gabriel,
_d1927-2017
_972810
245 1 0 _aReligiosidad popular
_b: folklore de Mallorca, folklore de Europa /
_cGabriel Llompart; prólogo de Julio Caro Baroja.
260 _aPalma de Mallorca :
_bJosé J. de Olañeta,
_c1982.
300 _a1 v. ;
_c24 cm.
490 1 _aFontes rerum Balearium. Subsidia ;
_vn. 4
505 8 _aContiene: Miscelánea de estudios. El calendario y la jornada
700 1 _aCaro Baroja, Julio,
_d1914-1995
_935403
830 0 _aFontes rerum Balearium. Subsidia ;
_vn. 4
_9184365
852 _aES-MaACL
_jL-8918
_bR.110492
999 _c95596
_d95596